Опережающая подготовка элитных специалистов в области приборостроения в Томском политехническом университете; Фундаментальные исследования; № 5

Detalhes bibliográficos
Parent link:Фундаментальные исследования
№ 5.— 2008.— [С. 54-55]
Autor principal: Дмитриев В. С. Виктор Степанович
Outros Autores: Костюченко Т. Г. Тамара Георгиевна
Resumo:Заглавие с экрана
Режим доступа: по договору с организацией-держателем ресурса
Idioma:russo
Publicado em: 2008
Colecção:Педагогические науки
Assuntos:
Acesso em linha:https://elibrary.ru/item.asp?id=10308732
https://www.fundamental-research.ru/ru/article/view?id=2963
Formato: Recurso Electrónico Capítulo de Livro
KOHA link:https://koha.lib.tpu.ru/cgi-bin/koha/opac-detail.pl?biblionumber=655767

MARC

LEADER 00000naa0a2200000 4500
001 655767
005 20250331104623.0
035 |a (RuTPU)RU\TPU\network\22059 
035 |a RU\TPU\network\7194 
090 |a 655767 
100 |a 20170928d2008 k||y0rusy50 ca 
101 0 |a rus 
102 |a RU 
135 |a drnn ---uucaa 
181 0 |a i  
182 0 |a b 
200 1 |a Опережающая подготовка элитных специалистов в области приборостроения в Томском политехническом университете  |f В. С. Дмитриев, Т. Г. Костюченко 
203 |a Текст  |c электронный 
225 1 |a Педагогические науки 
300 |a Заглавие с экрана 
333 |a Режим доступа: по договору с организацией-держателем ресурса 
461 |t Фундаментальные исследования  
463 |t № 5  |v [С. 54-55]  |d 2008 
610 1 |a электронный ресурс 
610 1 |a труды учёных ТПУ 
610 1 |a приборостроение 
610 1 |a студенты 
610 1 |a специалисты 
610 1 |a элитное обучение 
700 1 |a Дмитриев  |b В. С.  |c специалист в области точного приборостроения  |c доктор технических наук, профессор Томского политехнического университета, зав. кафедрой точного приборостроения (ТПС) ЭФФ  |f 1940-  |g Виктор Степанович  |3 (RuTPU)RU\TPU\pers\25818 
701 1 |a Костюченко  |b Т. Г.  |c специалист в области приборостроения  |c доцент Томского политехнического университета, кандидат технических наук  |f 1956-  |g Тамара Георгиевна  |3 (RuTPU)RU\TPU\pers\26589 
801 2 |a RU  |b 63413507  |c 20170928  |g RCR 
856 4 |u https://elibrary.ru/item.asp?id=10308732 
856 4 0 |u https://www.fundamental-research.ru/ru/article/view?id=2963 
942 |c CF